000 00714nam a2200229 i 4500
001 bg
100 1 _aHABUDA, Adam
245 1 0 _aGranice uznania administracyjnego /
_cAdam Habuda.
260 _aOpole :
_bOficyna Wydawnicza PO,
_c2004.
300 _a230 s. ;
_c24 cm.
490 1 _aStudia i Monografie / Politechnika Opolska,
_x1429-6063 ;
_vnr 158
504 _aBibliogr.
650 9 _aPrawo administracyjne
_xzagadnienia
650 9 _aDecyzje administracyjne
650 9 _aKonstytucja
_xzagadnienia
830 0 _aStudia i Monografie (Politechnika Opolska) ;
_vnr 158
040 _cBPK
041 0 _apol
_beng
080 _a342.9:342.4:351/354
942 _cKS
008 s pl f |000 0 pol
999 _c46309
_d46309
856 _uhttp://koha.tu.koszalin.pl/cgi-bin/koha/opac-detail.pl?biblionumber=46309
_yKatalog online BPK